Use of rubber in cycles and motor cycles (Record no. 71939)

MARC details
000 -LEADER
fixed length control field 00345nam a2200145Ia 4500
100 ## - MAIN ENTRY--AUTHOR NAME
Personal name Tuffley J
245 #0 - TITLE STATEMENT
Title Use of rubber in cycles and motor cycles
260 ## - PUBLICATION, DISTRIBUTION, ETC. (IMPRINT)
Name of publisher Rubber Developments
Year of publication 1953
300 ## - PHYSICAL DESCRIPTION
Number of Pages 123
650 ## - SUBJECT ADDED ENTRY--TOPICAL TERM
Topical Term Motor cycles
650 ## - SUBJECT ADDED ENTRY--TOPICAL TERM
Topical Term Rubber
650 ## - SUBJECT ADDED ENTRY--TOPICAL TERM
Topical Term Tyre
942 ## - ADDED ENTRY ELEMENTS (KOHA)
Koha item type Journals
Holdings
Withdrawn status Lost status Damaged status Not for loan Home library Current library Shelving location Date acquired Serial Enumeration / chronology Koha item type
      Journals RRII Library RRII Library Rubber chemistry 17/12/2021 Volume 6, Issue 4 Journals